Minecraft Baby Mobs by Picture - Statistics

General Stats
  • This quiz has been taken 44 times
  • The average score is 38 of 41
Answer Stats
Picture Answer % Correct
Bee
97%
Camel
97%
Chick | Chicken
97%
Dolphin
97%
Foal | Horse
97%
Fox
97%
Llama
97%
Pig
97%
Piglin
97%
Rabbit
97%
Sheep
97%
Turtle
97%
Zombie
97%
Cow
95%
Donkey
95%
Goat
95%
Kitten | Cat
95%
Ocelot
95%
Panda
95%
Puppy | Wolf
95%
Squid
95%
Villager
95%
Zombie Horse
95%
Zombie Villager
95%
Armadillo
92%
Axolotl
92%
Ghastling | Happy Ghast
92%
Glow Squid
92%
Hoglin
92%
Husk
92%
Polar Bear
92%
Skeleton Horse
92%
Gurgle | Drowned
90%
Mooshroom
90%
Mule
90%
Snifflet | Sniffer
90%
Tadpole | Frog
90%
Zoglin
90%
Zombified Piglin
90%
Nautilus
87%
Strider
85%
No matching quizzes found
Score Distribution
Percent of People with Each Score
Percentile by Number Answered
Your Score History
You have not taken this quiz